000 00750cam a2200229 4500
001 ##D8226
008 090401t1984 xxu||||| |||| 00| 0 eng d
020 _a9061915198
035 _a(Sirsi) u11880
041 0 _aeng
050 0 4 _a526.9 $2 18
100 1 _aRichardus, Peter
245 0 0 _aProject surveying
_bgeneral adjustment and optimization techniques with applications to engineering surveying
250 _a2nd ed.
260 _aRotterdam
_bA.A.Balkema
_c1984
300 _axii, 628p.
_bill.
_c25cm.
350 _a23.5
520 _aTextbook of observational and computational techniques used in engineering surveys.
690 _aENVIRONMENTAL AND LAND CONSULTANCY-GEOMATICS-ENGINEERING SURVEYING
942 _n0
948 _c04/03/1997
999 _c86924
_d86924